[Event "Oberliga Nord O 0405"]
[Site "Germany"]
[Date "2005.03.13"]
[Round "8.7"]
[White "Kimpinsky, Frank"]
[Black "Held, Peter"]
[Result "1/2-1/2"]
[WhiteElo "2210"]
[BlackElo "2172"]
[PlyCount "48"]
[EventDate "2004.10.24"]
[EventType "team-tourn"]
[EventRounds "9"]
[EventCountry "GER"]
[SourceTitle "EXT 2006"]
[Source "ChessBase"]
[SourceDate "2005.11.24"]
[SourceVersion "1"]
[SourceVersionDate "2005.11.24"]
[SourceQuality "1"]
[WhiteTeam "Berlin Empor"]
[BlackTeam "Lasker Steglitz"]
[WhiteTeamCountry "GER"]
[BlackTeamCountry "GER"]

1. e4 e5 2. Nf3 Nf6 3. Nxe5 d6 4. Nf3 Nxe4 5. d4 d5 6. Bd3 Nc6 7. 0-0 Be7 8. c4 Nb4 9. Be2 0-0 10. Nc3 Bf5 11. a3 Nxc3 12. bxc3 Nc6 13. cxd5 Qxd5 14. Bf4 Rac8 15. Re1 Rfe8 16. Qa4 Be4 17. Bc4 Qf5 18. Bg3 a6 19. Qd1 Na5 20. Bf1 Bd6 21. Re3 Bxg3 22. hxg3 c5 23. Ra2 Bxf3 24. Rxf3 Qd5 1/2-1/2

[Event "Oberliga Nord O 0405"]
[Site "Germany"]
[Date "2005.01.16"]
[Round "5.6"]
[White "Held, Peter"]
[Black "Woschech, Andreas"]
[Result "1-0"]
[WhiteElo "2172"]
[BlackElo "2197"]
[PlyCount "73"]
[EventDate "2004.10.24"]
[EventType "team-tourn"]
[EventRounds "9"]
[EventCountry "GER"]
[SourceTitle "EXT 2006"]
[Source "ChessBase"]
[SourceDate "2005.11.24"]
[SourceVersion "1"]
[SourceVersionDate "2005.11.24"]
[SourceQuality "1"]
[WhiteTeam "Lasker Steglitz"]
[BlackTeam "Oberschoeneweide"]
[WhiteTeamCountry "GER"]
[BlackTeamCountry "GER"]

1. Nf3 Nf6 2. c4 c5 3. Nc3 Nc6 4. g3 g6 5. d4 cxd4 6. Nxd4 Bg7 7. Bg2 0-0 8. 0-0 Nxd4 9. Qxd4 d6 10. Qd3 Bf5 11. e4 Be6 12. b3 Rc8 13. Bd2 Ng4 14. Rac1 Ne5 15. Qe2 Qd7 16. Nd5 Rfe8 17. Rfd1 Bg4 18. f3 Bh3 19. Be3 Bxg2 20. Kxg2 b6 21. b4 Qb7 22. b5 Rcd8 23. Bg5 h6 24. Be3 Kh7 25. a4 Nd7 26. Qa2 Nc5 27. Nb4 Ra8 28. Nc6 a5 29. Bxc5 dxc5 30. Qd2 Rec8 31. Qf4 Kg8 32. e5 e6 33. Rd3 Rc7 34. Rcd1 Rf8 35. Rd8 Rxc6 36. bxc6 Qxc6 37. R1d7 1-0

[Event "Oberliga Nord O 0405"]
[Site "Germany"]
[Date "2004.10.24"]
[Round "1.7"]
[White "Valet, Richard"]
[Black "Held, Peter"]
[Result "1/2-1/2"]
[WhiteElo "2103"]
[BlackElo "2172"]
[PlyCount "67"]
[EventDate "2004.10.24"]
[EventType "team-tourn"]
[EventRounds "9"]
[EventCountry "GER"]
[SourceTitle "EXT 2006"]
[Source "ChessBase"]
[SourceDate "2005.11.24"]
[SourceVersion "1"]
[SourceVersionDate "2005.11.24"]
[SourceQuality "1"]
[WhiteTeam "Greifswald"]
[BlackTeam "Lasker Steglitz"]
[WhiteTeamCountry "GER"]
[BlackTeamCountry "GER"]

1. e4 c5 2. Nc3 e6 3. g3 d5 4. exd5 exd5 5. Bg2 Nf6 6. d3 d4 7. Ne4 Nxe4 8. dxe4 Nc6 9. Ne2 Bd6 10. 0-0 0-0 11. Nf4 Bd7 12. Nd5 Ne7 13. Bg5 f6 14. Bf4 Be5 15. c4 Nxd5 16. cxd5 Rc8 17. Bxe5 fxe5 18. Qh5 Bb5 19. Bh3 Bxf1 20. Bxc8 Qxc8 21. Rxf1 Qc7 22. f4 exf4 23. e5 fxg3 24. Rxf8+ Kxf8 25. Qf5+ Ke8 26. hxg3 g6 27. Qe6+ Qe7 28. Qc8+ Kf7 29. Qh8 Qg5 30. Qxh7+ Kf8 31. Qh8+ Kf7 32. Qh7+ Kf8 33. Qh8+ Kf7 34. Qh7+ 1/2-1/2

[Event "Berlin-ch"]
[Site "Berlin"]
[Date "2003.04.19"]
[Round "2"]
[White "Held, Peter"]
[Black "Barsch, Christoph"]
[Result "0-1"]
[WhiteElo "2067"]
[BlackElo "2094"]
[PlyCount "82"]
[EventDate "2003.04.??"]
[EventType "swiss"]
[EventRounds "9"]
[EventCountry "GER"]
[SourceTitle "EXT 2006"]
[Source "ChessBase"]
[SourceDate "2005.11.24"]
[SourceVersion "1"]
[SourceVersionDate "2005.11.24"]
[SourceQuality "1"]

1. Nf3 d5 2. d4 Nf6 3. c4 e6 4. Nc3 Nbd7 5. Bg5 Be7 6. e3 b6 7. cxd5 exd5 8. Bb5 0-0 9. Bc6 Rb8 10. Qa4 a5 11. Qb5 Bb7 12. Bxb7 Rxb7 13. Nxd5 Nxd5 14. Qxd5 Bb4+ 15. Ke2 Qc8 16. Rac1 Re8 17. Rc2 Bf8 18. Rhc1 c5 19. a3 Qa8 20. Bf4 Qa6+ 21. Qc4 b5 22. Qd3 c4 23. Qf5 g6 24. Qh3 b4 25. axb4 c3+ 26. Ke1 cxb2 27. Rxb2 Bxb4+ 28. Nd2 Qd3 29. Qf3 Qxd4 30. Rbc2 Nc5 31. Kf1 Qd3+ 32. Qe2 Qxe2+ 33. Kxe2 Bxd2 34. Rxd2 Nb3 35. Rb1 Nd4+ 36. Rxd4 Rxb1 37. Ra4 Rb4 38. Rxb4 axb4 39. Kd3 Rc8 40. Be5 b3 41. Bc3 f5 0-1

[Event "Oberliga Nord O 0203"]
[Site "Germany"]
[Date "2003.03.30"]
[Round "9.7"]
[White "Kimpinsky, Frank"]
[Black "Held, Peter"]
[Result "1/2-1/2"]
[WhiteElo "2229"]
[BlackElo "2167"]
[PlyCount "107"]
[EventDate "2002.10.20"]
[EventType "team"]
[EventRounds "9"]
[EventCountry "GER"]
[SourceTitle "EXT 2009"]
[Source "ChessBase"]
[SourceDate "2008.11.26"]
[SourceVersion "1"]
[SourceVersionDate "2008.11.26"]
[SourceQuality "1"]
[WhiteTeam "Berlin Empor"]
[BlackTeam "Neukoelln "]
[WhiteTeamCountry "GER"]
[BlackTeamCountry "GER"]

1. e4 c5 2. Nf3 Nc6 3. d4 cxd4 4. Nxd4 Nf6 5. Nc3 e6 6. Nxc6 bxc6 7. e5 Nd5 8. Nxd5 cxd5 9. Bd3 Ba6 10. 0-0 Bxd3 11. Qxd3 d6 12. Bf4 dxe5 13. Bxe5 f6 14. Bg3 Rc8 15. Rfe1 Kf7 16. Re2 Rc6 17. c3 g6 18. Rae1 Bc5 19. Qf3 Re8 20. c4 Rc8 21. cxd5 Qxd5 22. Qxd5 exd5 23. Rxe8 Rxe8 24. Rxe8 Kxe8 25. Kf1 Kd7 26. f3 a6 27. Be1 Bd4 28. b4 Kc6 29. a4 Be5 30. g3 f5 31. Ke2 h5 32. h3 Bf6 33. g4 hxg4 34. fxg4 fxg4 35. hxg4 Be5 36. Kd3 Bf6 37. Bf2 Be7 38. Kc3 Bf6+ 39. Bd4 Bh4 40. Be5 Be1+ 41. Kb3 Bd2 42. Bc3 Be3 43. Bg7 Bd2 44. Bf8 Be1 45. Kc2 Bf2 46. Kd3 Bb6 47. Ke2 Bd4 48. Kf3 Be5 49. Ke3 Kb6 50. Bc5+ Kc6 51. Bd4 Bd6 52. Bc3 Bf8 53. Kd4 Bg7+ 54. Kd3 1/2-1/2

[Event "Oberliga Nord O 0203"]
[Site "Germany"]
[Date "2003.01.13"]
[Round "4.6"]
[White "Held, Peter"]
[Black "Tenner, Frank"]
[Result "1/2-1/2"]
[WhiteElo "2167"]
[BlackElo "2158"]
[PlyCount "94"]
[EventDate "2002.10.20"]
[EventType "team"]
[EventRounds "9"]
[EventCountry "GER"]
[SourceTitle "EXT 2009"]
[Source "ChessBase"]
[SourceDate "2008.11.26"]
[SourceVersion "1"]
[SourceVersionDate "2008.11.26"]
[SourceQuality "1"]
[WhiteTeam "Neukoelln "]
[BlackTeam "Schwedt "]
[WhiteTeamCountry "GER"]
[BlackTeamCountry "GER"]

1. d4 d5 2. Nf3 Nf6 3. e3 e6 4. Bd3 Nbd7 5. b3 Be7 6. 0-0 0-0 7. Bb2 b6 8. Ne5 Bb7 9. Qf3 Ne4 10. Qh3 f5 11. f3 Ng5 12. Qg3 Nxe5 13. dxe5 Bc5 14. Bd4 Be7 15. Bb2 c5 16. Nd2 a6 17. a4 Qe8 18. c4 Qh5 19. Rad1 Rad8 20. Be2 Qh6 21. f4 Ne4 22. Nxe4 dxe4 23. Rxd8 Rxd8 24. Rd1 Rxd1+ 25. Bxd1 g5 26. Qf2 Qg6 27. g3 gxf4 28. exf4 h5 29. Qd2 Bc6 30. Qg2 Kg7 31. Bc3 h4 32. gxh4 Bxh4 33. Qxg6+ Kxg6 34. Be2 e3 35. a5 b5 36. cxb5 axb5 37. Kf1 Bd8 38. a6 Bb6 39. Bb2 b4 40. Bc4 Bd5 41. Bxd5 exd5 42. h4 c4 43. Ke2 c3 44. Bc1 d4 45. Kd3 Ba7 46. Ke2 Bc5 47. Kd3 Ba7 1/2-1/2

[Event "Berliner Sommer 14th"]
[Site "Berlin"]
[Date "1996.??.??"]
[Round "8"]
[White "Dinstuhl, Volkmar"]
[Black "Held, Peter"]
[Result "1-0"]
[WhiteElo "2405"]
[BlackElo "2190"]
[PlyCount "63"]
[EventDate "1996.08.??"]
[EventType "swiss"]
[EventRounds "9"]
[EventCountry "GER"]
[SourceTitle "CBM 054 Extra"]
[Source "ChessBase"]
[SourceDate "1996.11.01"]
[SourceVersion "1"]
[SourceVersionDate "1996.11.01"]
[SourceQuality "1"]

1. Nf3 Nf6 2. g3 g6 3. b3 Bg7 4. Bb2 0-0 5. Bg2 d5 6. c4 c6 7. 0-0 Bg4 8. d3 Nbd7 9. Nbd2 Re8 10. h3 Bxf3 11. Nxf3 e5 12. cxd5 cxd5 13. Qd2 Qe7 14. Rac1 Rec8 15. Rxc8+ Rxc8 16. Rc1 Rxc1+ 17. Qxc1 e4 18. dxe4 dxe4 19. Ba3 Bh6 20. e3 Qe6 21. Nd2 Qd5 22. Qc8+ Kg7 23. Qc2 Qa5 24. Bb2 Kf8 25. Qc8+ Ke7 26. Nc4 Qe1+ 27. Bf1 b5 28. Bxf6+ Kxf6 29. Qxd7 bxc4 30. Qd4+ Kf5 31. g4+ Ke6 32. Qxc4+ 1-0

[Event "Berliner Sommer 14th"]
[Site "Berlin"]
[Date "1996.??.??"]
[Round "4"]
[White "Grabliauskas, Virginijus"]
[Black "Held, Peter"]
[Result "1-0"]
[WhiteElo "2430"]
[BlackElo "2190"]
[PlyCount "91"]
[EventDate "1996.08.??"]
[EventType "swiss"]
[EventRounds "9"]
[EventCountry "GER"]
[SourceTitle "CBM 054 Extra"]
[Source "ChessBase"]
[SourceDate "1996.11.01"]
[SourceVersion "1"]
[SourceVersionDate "1996.11.01"]
[SourceQuality "1"]

1. d4 Nf6 2. c4 g6 3. Nc3 d5 4. cxd5 Nxd5 5. e4 Nxc3 6. bxc3 Bg7 7. Bb5+ Bd7 8. Be2 c5 9. Nf3 0-0 10. 0-0 Bg4 11. Be3 cxd4 12. cxd4 Nc6 13. e5 Rc8 14. Rb1 Qd7 15. Qa4 Rfd8 16. Qa3 h6 17. Rfd1 e6 18. Qb2 Rc7 19. h3 Bf5 20. Rbc1 Be4 21. Nd2 Bd5 22. Bd3 Rdc8 23. Ne4 Bxe4 24. Bxe4 Ne7 25. Rxc7 Rxc7 26. Rc1 Rxc1+ 27. Qxc1 Kh7 28. Qc5 b6 29. Qc4 Nd5 30. Bd2 b5 31. Qc5 Kg8 32. g4 Bf8 33. Qc1 Kh7 34. h4 Qe7 35. h5 Qh4 36. Qd1 b4 37. Qf3 Kg7 38. hxg6 fxg6 39. Bd3 h5 40. gxh5 gxh5 41. Bh6+ Kxh6 42. Qxf8+ Kg5 43. Qd8+ Kg4 44. Be2+ Kh3 45. Qg8 Qe4 46. Qg3# 1-0